| 000 | 00834nam a22002777a 4500 | ||
|---|---|---|---|
| 001 | 000465 | ||
| 003 | DO-SdBNP | ||
| 005 | 20240515133448.0 | ||
| 007 | 000465 | ||
| 008 | 160902b2004 ag 00| 0 spa d | ||
| 020 | _a9505119399 | ||
| 040 |
_aBPMSU _bspa _cBPMSU |
||
| 082 | 4 |
_a658.045 _bM342e 2004 _222 |
|
| 100 | 1 | _aMariscal, Enrique | |
| 245 | 1 | 3 |
_aLa empresa magnética : _bla atracción de la excelencia / _cEnrique Mariscal. |
| 260 |
_aBuenos Aires : _bAguilar, _c2004. |
||
| 300 |
_a203 p. : _bil. ; _c22 cm. |
||
| 500 | _aIncluye datos del autor en la solapa de la cubierta. | ||
| 590 | _aInventariado, 2024/VM | ||
| 650 | 4 | _aAdministración de empresas | |
| 650 | 4 | _aÉxito | |
| 650 | 4 | _aLiderazgo | |
| 650 | 4 | _aComportamiento organizacional | |
| 910 | _aVMateo V. Control de calidad. BPMSU | ||
| 942 |
_2ddc _cBK |
||
| 999 |
_c11294 _d11294 |
||